000 01038nam a2200229Ia 4500
999 _c53033
_d53033
001 20069
003 GE_BSU
005 20250416165251.0
008 181216s1984||||ge |||||||||||||| ||geo||
040 _cGE_BSU
041 _ageo
080 _a691(075.8) ნ-16
100 _aნადირაძე, ანზორ
_924842
245 _aსაშენი მასალები და ნაკეთობები :
_b სახელმძღვ. პოლიტ. ინ-ტის არქიტექტ. ფაკ. სტუდ. /
_cანზორ ნადირაძე ; რედ. : ვ. გოგსაძე.
264 _aთბილისი :
_bგანათლება,
_c1984.
300 _a327 გვ. :
_b ნახ. ;
_c27 სმ.
504 _aბიბლიოგრ. : გვ. 324
541 _h18 ლ.
653 _aსაშენი მასალები და ნაკეთობები
700 _a გოგსაძე, ვ.
_eრედაქტორი
_924843
942 _cBK
_2udc